000 01145nam a2200121Ia 4500
008 220620s9999||||xx |||||||||||||| ||und||
245 0 _aDiagnosis and Treatment of Small Bowel Disorders
546 _aEnglish[eng]
650 _acapsule endoscopy||Crohn’s disease||mucosal healing||small bowel||gut brain axis||microbiota||functional gastrointestinal disorders||inflammatory bowel disease (IBD)||adult stem cells||surgical site infections (SSIs)||probiotics||prebiotics||synbiotics||surgery||adverse events||meta-analysis||systematic review||hyperspectral imaging||multispectral imaging||clinical diagnosis||biomedical optical imaging||gastroenterology||medical diagnostic imaging||small-bowel mass||small-bowel bulge||video capsule endoscopy||cystic fibrosis||gut microbiota||intestinal inflammation||fecal calprotectin||dysbiosis index||celiac disease||biomarker||serology||enteropathy||n/a||colon cancer||cancer risk||collagenous colitis||lung cancer||microscopic colitis||skin cancer||squamous cell carcinoma
700 _aKoulaouzidis, Anastasios||Marlicz, Wojciech
856 _uhttps://mdpi.com/books/pdfview/book/3353
942 _cEB
999 _c28179
_d28179